Sports Quiz

Random Sports Quiz
Score 0/70 Timer 07:00
0 Plays Today
Position Name % Correct
LuchadorJohnny Mundo
88.8%
LuchadoraSexy Star
88%
LuchadorPrince Puma
86.6%
LuchadorDrago
83.6%
LuchadorFenix
83.3%
CommentatorVampiro
83.2%
CommentatorMatt Striker
79%
LuchadorSon Of Havoc
78%
LuchadorCage
77.5%
LuchadorPentagon Dark
76.7%
LuchadorAngelico
76.5%
OwnerDario Cueto
76.3%
LuchadorAerostar
75.8%
LuchadorMil Muertes
75.3%
LuchadorRey Mysterio Jr
73%
LuchadorThe Mack
72.5%
LuchadorPJ Black
70.2%
LuchadorChavo Guerrero
69.2%
LuchadoraIvelisse
69.1%
ValetCatrina
68%
LuchadorJack Evans
67.2%
LuchadorMatanza Cueto
67.1%
LuchadorAlberto El Patron
64.8%
LuchadorKillshot
62.7%
LuchadorKing Cuerno
62.5%
LuchadorBig Ryck
62.3%
LuchadoraTaya
61.6%
LuchadorTexano
58%
Ring AnnouncerMelissa Santos
56.9%
LuchadorBlue Demon Jr
55.6%
LuchadorMarty The Moth Martinez
53.6%
ManagerKonnan
52.3%
LuchadorFamous B
52.2%
LuchadoraMariposa
51.3%
LuchadorCastro Cortez
50.5%
Position Name % Correct
LuchadorMascarita Sagrada
48.9%
LuchadorArgenis
48.2%
LuchadoraKobra Moon
48.1%
LuchadorJoey Ryan
47.4%
LuchadorCisco
46.2%
LuchadorPaul London
44.2%
LuchadorDante Fox
44%
LuchadorEl Dragon Azteca Jr
43.6%
LuchadorEl Siniestro de la Muerte
43.5%
LuchadorDr Wagner Jr
42%
LuchadorBael
41.3%
LuchadorHernandez
40.3%
ExoticaPimpinela Escarlata
40%
LuchadoraBlack Lotus
36.5%
LuchadorDaga
35.9%
LuchadorJeremiah Crane
35.8%
LuchadorBengala
35.8%
LuchadorSuperfly
34.3%
ValetBeautiful Brenda
34.2%
LuchadorRicky Mandel
33.6%
LuchadorEl Mariachi Loco
28.1%
LuchadorSon Of Madness
26.1%
LuchadorTrece
25.8%
LuchadorDelavar Daivari
25.7%
LuchadorPindar
25.1%
LuchadorBarrio Negro
23.9%
LuchadorVinny Massaro
21.9%
LuchadorSaltador
19.3%
LuchadorVibora
17.8%
LuchadorMala Suerte
17.6%
LuchadorNightclaw
15.3%
LuchadorVeneno
13.3%
LuchadoraDoku
12.9%
LuchadoraYurei
10.7%
LuchadoraHitokiri
10.7%
Remove Ads.
Support Sporcle.
Get the best of Sporcle when you Go Orange. This ad-free experience offers more features, more stats, and more fun while also helping to support Sporcle. Thank you for becoming a member.

You're not logged in!

Compare scores with friends on all Sporcle quizzes.
OR
Log In

Show Comments

Extras

Top Quizzes Today


Score Distribution

Your Account Isn't Verified!

In order to create a playlist on Sporcle, you need to verify the email address you used during registration. Go to your Sporcle Settings to finish the process.

Report this User

Report this user for behavior that violates our Community Guidelines.

Details: